000 00518nam a2200217Ia 4500
003 OSt
005 20241104164820.0
008 210210b1970 xxu||||| |||| 00| 0 eng d
020 _a303 17891 4
040 _cAL
041 _aeng
082 _a523.1 CHAC
100 _aCHARON (Jean)
_9184127
245 _aCosmology
260 _aLondon
_bWorld University Library
_c1970
300 _a256
650 _aCosmology universe theories
_9184128
690 _aAstronomy
_9184129
906 _a039562
942 _2ddc
_cBK
999 _c89581
_d89581